000 01621nam a2200361 c 4500
003 BLK
005 20180422105448.0
008 180409b bul|||||r ||||||| ||bul||
010 _aKNG00107427000
020 _a954-9745-58-9
_bиздат.: Еднорог
040 _aBLK
041 _aBUL
_cBUL
080 _aРуска литература
_b821.161.1
_x-312.4
_z821.161.1-312.4
100 1 _aАкунин, Борис
_eпърви автор
_gЧхартишвили, Григорий Шалвович
_929916
700 1 _aБранц, София Азариева
_eпрев. от рус.
_9364087
700 1 _aЧхартишвили, Григорий Шалвович
_e*
_9372450
139 _aАкунин, Борис
_bА 45
245 1 0 _aСмъртта на Ахил
_bРоман
_cБорис Акунин; прев. от рус. София Азариева Бранц; * Григорий Шалвович Чхартишвили.
257 _aRUS
260 София
_bЕднорог
_c2003
_fСофия : Дракон
300 _a336 с.
_c20 см
380 _aX
490 1 _aПоредица Приключенията на Ераст Фандорин
500 _aИстинското име на авт. е Григорий Шалвович Чхартишвили. - Ориг. загл. Смерть Ахиллеса / B. Akunin. - Офс. изд.
653 _aромани
653 _aЕраст Фандорин
653 _aтрилъри
852 _aЦб 215691
856 4 _qpdf
_u
856 4 _qpdf
_u
942 _cKNG
_n0
944 _aCR
_c04.08.2003
_kЛюдмила_Стоянова
944 _aED
_c13.07.2005
_k
999 _c102361
_d102361